LEADER 04424nam 2200925 450 001 9910787052003321 005 20210421213942.0 010 $a0-520-95911-6 024 7 $a10.1525/9780520959118 035 $a(CKB)3710000000249911 035 $a(EBL)1711063 035 $a(OCoLC)892239067 035 $a(SSID)ssj0001347373 035 $a(PQKBManifestationID)12586691 035 $a(PQKBTitleCode)TC0001347373 035 $a(PQKBWorkID)11349248 035 $a(PQKB)10398752 035 $a(MiAaPQ)EBC1711063 035 $a(DE-B1597)520606 035 $a(OCoLC)1102793166 035 $a(DE-B1597)9780520959118 035 $a(Au-PeEL)EBL1711063 035 $a(CaPaEBR)ebr10945121 035 $a(PPN)186114362 035 $a(EXLCZ)993710000000249911 100 $a20141010h20142014 uy 0 101 0 $aeng 135 $aur|nu---|u||u 181 $ctxt 182 $cc 183 $acr 200 00$aEcology of freshwater and estuarine wetlands /$fedited by Darold P. Batzer and Rebecca R. Sharitz 205 $aSecond edition. 210 1$aOakland, California :$cUniversity of California Press,$d2014. 210 4$d©2014 215 $a1 online resource (374 p.) 300 $aDescription based upon print version of record. 311 $a0-520-27858-5 320 $aIncludes bibliographical references and index. 327 $tFront matter --$tCONTENTS --$tCONTRIBUTORS --$tPREFACE --$t1. Ecology of Freshwater and Estuarine Wetlands: An Introduction --$t2. Wetland Soils, Hydrology, and Geomorphology --$t3. Abiotic Constraints for Wetland Plants and Animals --$t4. Wetland Microbial Ecology and Biogeochemistry --$t5. Development of Wetland Plant Communities --$t6. Wetland Animal Ecology --$t7. Carbon Dynamics and Ecosystem Processes --$t8. United States Wetland Regulation, Policy, and Assessment --$t9. Wetland Restoration --$t10. Consequences for Wetlands of a Changing Global Environment --$tLITERATURE CITED --$tINDEX 330 $aThis second edition of this important and authoritative survey provides students and researchers with up-to-date and accessible information about the ecology of freshwater and estuarine wetlands. Prominent scholars help students understand both general concepts of different wetland types as well as complex topics related to these dynamic physical environments. Careful syntheses review wetland soils, hydrology, and geomorphology; abiotic constraints for wetland plants and animals; microbial ecology and biogeochemistry; development of wetland plant communities; wetland animal ecology; and carbon dynamics and ecosystem processes. In addition, contributors document wetland regulation, policy, and assessment in the US and provide a clear roadmap for adaptive management and restoration of wetlands. New material also includes an expanded review of the consequences for wetlands in a changing global environment. Ideally suited for wetlands ecology courses, Ecology of Freshwater and Estuarine Wetlands, Second Edition, includes updated content, enhanced images (many in color), and innovative pedagogical elements that guide students and interested readers through the current state of our wetlands. 606 $aWetland ecology 610 $abacteria. 610 $abiogeochemistry. 610 $achemistry. 610 $acollege textbook. 610 $aecology. 610 $aecosystems. 610 $aestuarine wetlands. 610 $aflood pulses. 610 $afreshwater wetlands. 610 $ageomorphology. 610 $ahuman regulation. 610 $ahydrology students. 610 $ahydrology textbook. 610 $ahydrology. 610 $aland use. 610 $aphysical environment. 610 $ascience. 610 $asoils. 610 $astudent textbook. 610 $aundergraduate hydrology. 610 $awetland assessment. 610 $awetland biotic integrity. 610 $awetland regulation. 610 $awetland restoration. 610 $awetlands animals. 610 $awetlands plants. 610 $awetlands. 615 0$aWetland ecology. 676 $a577.68 702 $aBatzer$b Darold P. 702 $aSharitz$b Rebecca R. 801 0$bMiAaPQ 801 1$bMiAaPQ 801 2$bMiAaPQ 906 $aBOOK 912 $a9910787052003321 996 $aEcology of freshwater and estuarine wetlands$93733460 997 $aUNINA LEADER 02550aam 2200349 n 450 001 9910874770603321 005 20250618102223 010 $a83-8142-371-6 035 $a(CKB)4100000009585035 035 $a(ceeol)ceeol848545 035 $a(CEEOL)848545 035 $a(EXLCZ)994100000009585035 100 $a20252218d2019 ||l | 101 0 $apol 200 1 $aErotoSlavia. O mi?o?ci i erotyce w literaturach s?owia?skich$fDejan Ajda?i? 210 $a?ód? [Poland] $cWydawnictwo Uniwersytetu ?ódzkiego$d2019 215 $a1 online resource (1 p. 290) 225 $aUniwersytet ?ódzki 311 08$a83-8142-370-8 330 $aThe publication contains a collection of literary sketches on love by the Serbian Slavist Dejan Ajda?i?, a theoretician and literary critic, folklorist and ethnolinguist, researcher in contrastive Slavic culture, translator and editor, who combines the knowledge of three Slavic cultural traditions: southern, eastern and western. In the texts included here, the author presents interpretations of works that originated during the Renaissance, Romanticism, realism, surrealism ? up to the latest output of Croatian, Serbian, Bulgarian, Czech, Polish, Ukrainian and Russian literatures."One very important and valuable aspect of the book is its alethic dimension, reminding the postmodern reader, living in times long past the era of great narratives, of a cultural reflection on the mystery of erotic love, in which philosophy and literature, theology and folklore ? interpenetrate ? Just like love is a mystery in itself, so the forms of its literary imagery are certainly ? in this particular case ? an attempt to go through the maze of forms and show what is most important in love. Even if they are not necessarily interested in Slavic literatures, the Polish readers will undoubtedly enjoy this collection as a research project offering some captivating anthropological, comparative and philological perspectives."From the introduction by dr hab. Bogdan Trocha professor of the University of Zielona Góra 606 $aLanguage and Literature Studies 606 $aStudies of Literature 615 0$aLanguage and Literature Studies 615 0$aStudies of Literature 700 $aAjda?i?$b Dejan$0714301 712 02$aCentral and Eastern European Online Library 801 0$bceeol 801 1$bceeol 906 $aBOOK 912 $a9910874770603321 996 $aErotoSlavia. O mi?o?ci i erotyce w literaturach s?owia?skich$94395799 997 $aUNINA